000 00329nam a2200121Ia 4500
008 240731s9999 xx 000 0 und d
022 _a1468-0459
245 0 _aGeografiska Annaler: Series A, Physical Geography
260 _bTaylor & Francis
856 _uhttps://www.tandfonline.com/loi/tgaa20
942 _2ddc
942 _cTFEJ
999 _c76710
_d76710
945 _a1
_bMadushi Gamage
_c1
_dMadushi Gamage